01288 a2200145 4500003000500000005001700005040000900022082001000031245008400041260001400125300001100139505093900150538003001089650002301119Nust20170207154120.0 cNust a623.3 aProceedings of military electronic defece expo-1978 (Photocopy)cStover,Harry L c1978aUSA a835 p. aSolid State Microwave And Millimeter Wave Technology (Page-3), Gas Devices And Monolithic Integrated Circuits (Page-13), Microwave Monolithic Gallium Arsenide And Silicon Circuit Technology Overview (Page-27), Infrared CCD And CID Focal Plane Arrays (Page-105), Standardization And Trends In Military Microprocessor And Microcomputer Systems MEDE (Page-263), CCD Digital Memories (Page-117), The Use Of Microprocessors And Tactical Comm. (Page-276), Summary Of Threats (Page-379), Technological Trends In Electronic Warfare (Page-386), Antennas And Receivers For EW Sys (Page-408), The Target Problem Using Airborne Radar Under ECM Environment (Page-414), Delta Multiplex System (Page-475), Digital Technology In The Ptarmigan Switch (Page-489), Quantitative Measure Of Communications Security (Page-525), Management And Control Of Military Communications Networks (Page-535), Soviet Electronic Support Measures Capability (Page-830). aAlmirah No.42 Shelf No. 2 aElectronic warfare